| 000 | 00441nam a2200121Ia 4500 | ||
|---|---|---|---|
| 008 | 220620s9999||||xx |||||||||||||| ||und|| | ||
| 100 | _aPierre-Michel Menger | ||
| 245 | 0 | _aDifference, Competition and Disproportion. The Sociology of Creative Work | |
| 546 | _aEnglish[eng] | ||
| 650 | _ascientific research||work||sociology||creativity||artistic creation||research||creation | ||
| 856 | _uhttp://books.openedition.org/cdf/4300 | ||
| 942 | _cEB | ||
| 999 |
_c23200 _d23200 |
||